Segundas oportunidades / (Registro nro. 6506)
[ vista simple ]
| 000 -LEADER | |
|---|---|
| fixed length control field | 01924nam a22003137a 4500 |
| 003 - CONTROL NUMBER IDENTIFIER | |
| control field | OSt |
| 005 - DATE AND TIME OF LATEST TRANSACTION | |
| control field | 20250612121133.0 |
| 008 - FIXED-LENGTH DATA ELEMENTS--GENERAL INFORMATION | |
| fixed length control field | 200212s2015 sp ||||jr|||| 00| f spa d |
| 020 ## - INTERNATIONAL STANDARD BOOK NUMBER | |
| International Standard Book Number | 9788420482439 |
| 040 ## - CATALOGING SOURCE | |
| Original cataloging agency | CO-JMCR |
| Transcribing agency | CO-JMCR |
| 041 1# - LANGUAGE CODE | |
| Language code of text/sound track or separate title | spa |
| Language code of original | eng |
| 082 04 - DEWEY DECIMAL CLASSIFICATION NUMBER | |
| Classification number | J-N |
| Item number | ROWs |
| 100 1# - MAIN ENTRY--PERSONAL NAME | |
| Personal name | Rowell, Rainbow, |
| Relator term | autor |
| 9 (RLIN) | 520 |
| 245 10 - TITLE STATEMENT | |
| Title | Segundas oportunidades / |
| Statement of responsibility, etc. | Rainbow Rowell ; traducción de Victoria Simó |
| 246 00 - VARYING FORM OF TITLE | |
| Title proper/short title | Una historia de amor arrolladora e inolvidable : |
| Remainder of title | John Green, sobre Eleanor y Park |
| 250 ## - EDITION STATEMENT | |
| Edition statement | Primera edición |
| 260 ## - PUBLICATION, DISTRIBUTION, ETC. | |
| Place of publication, distribution, etc. | Barcelona : |
| Name of publisher, distributor, etc. | Alfaguara, |
| Date of publication, distribution, etc. | 2015 |
| 300 ## - PHYSICAL DESCRIPTION | |
| Extent | 378 páginas ; |
| Dimensions | 22 cm. |
| 500 ## - GENERAL NOTE | |
| General note | Título original: Landline |
| 520 ## - SUMMARY, ETC. | |
| Summary, etc. | Si el destino te diera una segunda oportunidad con el amor de tu vida... ¿harías la misma llamada? Cuando Georgie y Neal se conocieron, fue amor a primera vista, un amor que parecía poder con cualquier inconveniente. Pero ahora tienen problemas, hace tiempo que ya no es como antes.Todavía se aman profundamente, aunque eso parece no importar. O quizás nunca importó demasiado.Estas Navidades, Neal y Georgie van a hacer un viaje juntos, una escapada que les permita retomar su relación. Pero un compromiso de última hora obliga a Georgie a quedarse. Esa misma noche, cuando Georgie llama a Neal para intentar arreglar las cosas, con quien realmente se comunica es con un Neal más joven, el Neal que conoció hace unos cuantos años, antes de que todo empezara. No es un viaje en el tiempo, no exactamente, pero ella siente que tiene la oportunidad de arreglarlo todo antes de que empiece... |
| 546 ## - LANGUAGE NOTE | |
| Language note | Traducido del inglés |
| 650 14 - SUBJECT ADDED ENTRY--TOPICAL TERM | |
| Topical term or geographic name entry element | Novela estadounidense |
| 9 (RLIN) | 521 |
| 650 14 - SUBJECT ADDED ENTRY--TOPICAL TERM | |
| Topical term or geographic name entry element | Personas casadas |
| General subdivision | novela |
| 9 (RLIN) | 522 |
| 650 14 - SUBJECT ADDED ENTRY--TOPICAL TERM | |
| Topical term or geographic name entry element | Relaciones hombre-mujer |
| General subdivision | novela |
| 9 (RLIN) | 523 |
| 650 14 - SUBJECT ADDED ENTRY--TOPICAL TERM | |
| Topical term or geographic name entry element | Vida familiar |
| General subdivision | novela |
| 9 (RLIN) | 524 |
| 650 14 - SUBJECT ADDED ENTRY--TOPICAL TERM | |
| Topical term or geographic name entry element | Amor |
| General subdivision | novela |
| 9 (RLIN) | 525 |
| 700 1# - ADDED ENTRY--PERSONAL NAME | |
| Personal name | Simó, Victoria, |
| Relator term | traductora |
| 9 (RLIN) | 526 |
| 942 ## - ADDED ENTRY ELEMENTS (KOHA) | |
| Source of classification or shelving scheme | Dewey Decimal Classification |
| Koha item type | Books |
| Withdrawn status | Lost status | Source of classification or shelving scheme | Damaged status | Not for loan | Collection code | Home library | Current library | Shelving location | Date acquired | Source of acquisition | Cost, normal purchase price | Total Checkouts | Total Renewals | Full call number | Barcode | Date last seen | Date last checked out | Copy number | Price effective from | Koha item type |
|---|---|---|---|---|---|---|---|---|---|---|---|---|---|---|---|---|---|---|---|---|
| Dewey Decimal Classification | Fiction | Biblioteca Pública José María del Castillo y Rada | Biblioteca Pública José María del Castillo y Rada | Processing Center | 12/19/2019 | Donación | 0.00 | 9 | 8 | J-N ROWs | 201811792 | 04/29/2025 | 03/21/2025 | Ej.1 | 02/12/2020 | Books |